[Event "Dundee & Angus Minor"]
[Site "Dundee"]
[Date "2015.10.11"]
[Round "4"]
[White "Paton, Lisa"]
[Black "Dearie, John"]
[Result "1-0"]
[WhiteElo "993"]
[BlackElo "783"]
[PlyCount "67"]
[EventDate "2015.10.09"]
[EventType "swiss"]
[EventRounds "5"]
[EventCountry "SCO"]
[SourceTitle "EXT 2023"]
[Source "ChessBase"]
[SourceDate "2022.10.05"]
[SourceVersion "1"]
[SourceVersionDate "2022.10.05"]
[SourceQuality "1"]

1. d4 e6 2. Nf3 Bb4+ 3. c3 Be7 4. Bf4 Nc6 5. e3 a6 6. Bd3 d6 7. 0-0 e5 8. dxe5 dxe5 9. Nxe5 Nxe5 10. Bxe5 Bf6 11. Bd4 Nh6 12. h3 Bf5 13. Qc2 Bxd3 14. Qxd3 0-0 15. Nd2 Bxd4 16. exd4 g6 17. Nf3 Nf5 18. Rad1 Qd6 19. Rfe1 c5 20. Re4 Qf6 21. Qd2 Nd6 22. Re2 Nc4 23. Qc2 Rae8 24. Rde1 Rxe2 25. Rxe2 cxd4 26. Nxd4 Nd6 27. Nb3 Nf5 28. Nc5 Qb6 29. Nd7 Qa7 30. Nxf8 Kxf8 31. Kh1 Qb8 32. Qe4 Qc8 33. Qe5 b5 34. Qh8# 1-0